000 03649cam a22006617i 4500
001 16148924
003 OSt
005 20230822151100.0
008 100323s2008 enka b 001 0 eng
010 _a 2010277826
015 _aGBA708776
_2bnb
016 7 _a013656256
_2Uk
020 _a9781847201164 (hbk.)
020 _a1847201164 (hbk.)
035 _a(OCoLC)ocm81453536
040 _aUKM
_beng
_cDLC
_dUKM
_dBAKER
_dBTCTA
_dYDXCP
_dBWKUK
_dBWK
_dCDX
_dGEBAY
_dDEBBG
_dUKMGB
_dOCLCO
_dOCLCF
_dBEDGE
_dPHUSC
_dOCLCQ
_dP4A
_dS3O
_dOCLCQ
_dDLC
042 _alccopycat
_alccopycat
050 0 0 _aHB615
_b.A322 2008
082 0 4 _a338.04
_bZOL/E
084 _aQP 300
_2rvk
100 1 _aÁcs, Zoltán J.
_99340
245 1 0 _aEntrepreneurship, growth and public policy :
_bprelude to a knowledge spillover theory of entrepreneurship /
_cZoltan J. Acs, University Professor, School of Public Policy, George Mason, University, USA and Research Scientist, Max Plank Institute of Economics, Jena, Germany.
264 1 _aCheltenham, UK ;
_aNorthampton, MA :
_bEdward Elgar,
_c[2008]
300 _axxii, 573 pages :
_billustrations ;
_c24 cm
336 _atext
_btxt
_2rdacontent
337 _aunmediated
_bn
_2rdamedia
338 _avolume
_bnc
_2rdacarrier
504 _aIncludes bibliographical references and index.
505 0 _aInnovation and firm size -- Geographically constrained knowledge spillovers -- Entrepreneurship and new firm formation -- Innovation and economic growth -- Entrepreneurship and public policy -- Entrepreneurship and society.
520 _aExplores how socio-economic transformation is placed within a larger context spanning two centuries of economic growth and development in a capitalist society. This book is suitable for those interested in entrepreneurship, political science and regional science and as well academics, graduate students and economists.
650 0 _aEntrepreneurship.
650 7 _aChefs d'entreprise.
_2eclas
650 7 _aEsprit d'entreprise.
_2eclas
650 7 _aInnovations.
_2eclas
650 7 _aRéformes économiques.
_2eclas
650 7 _aCroissance économique.
_2eclas
650 7 _aPolitiques publiques.
_2eclas
650 7 _aEntrepreneurship.
_2fast
_0(OCoLC)fst00912787
650 0 7 _aEntrepreneurship.
_2gnd
_0(DE-588)7588126-3
650 0 7 _aInnovation.
_2gnd
_0(DE-588)4027089-0
650 0 7 _aSpill-over-Effekt.
_2gnd
_0(DE-588)4225795-5
650 0 7 _aWirtschaftsförderung.
_2gnd
_0(DE-588)4066442-9
650 0 7 _aWirtschaftswachstum.
_2gnd
_0(DE-588)4066527-6
650 0 7 _aWissenschaftstransfer.
_2gnd
_0(DE-588)4207539-7
650 7 _aEntreprenörskap.
_2sao
650 7 _aEkonomisk tillväxt.
_2sao
650 7 _aEntrepreneurship.
_2shbe
650 7 _aEconomic growth.
_2shbe
650 0 7 _aEntrepreneurship.
_2swd
655 4 _aAufsatzsammlung.
776 0 8 _iOnline version:
_aÁcs, Zoltán J.
_tEntrepreneurship, growth and public policy.
_dCheltenham, UK ; Northampton, MA : Edward Elgar, ©2008
_w(OCoLC)891469199
856 4 1 _3Table of contents
_uhttp://bvbr.bib-bvb.de:8991/F?func=service&doc_library=BVB01&doc_number=015601821&line_number=0001&func_code=DB_RECORDS&service_type=MEDIA
856 4 1 _3Table of contents
_uhttp://bvbr.bib-bvb.de:8991/F?func=service&doc_library=BVB01&local_base=BVB01&doc_number=015601821&line_number=0001&func_code=DB_RECORDS&service_type=MEDIA
906 _a7
_bcbc
_ccopycat
_d2
_encip
_f20
_gy-gencatlg
942 _2ddc
_cBK
_h338.04
_iZOL/E
_k338.04
_mZOL/E
999 _c41957
_d41957